[Event "Wch U14"]
[Site "Menorca"]
[Date "1996.??.??"]
[Round "7"]
[White "Bacrot, Etienne"]
[Black "Vallejo Pons, Francisco"]
[Result "1-0"]
[WhiteElo "2470"]
[BlackElo "2420"]

1.c4 f5 2.d4 Nf6 3.Nf3 g6 4.Nc3 Bg7 5.e3 d6 6.Bd3 O-O 7.O-O Nc6 8.d5 Nb4
9.Be2 a5 10.a3 Na6 11.Rb1 Nc5 12.b4 axb4 13.axb4 Nce4 14.Nxe4 Nxe4 15.Bb2 Bxb2
16.Rxb2 e5 17.dxe6 Bxe6 18.Qc2 Qe7 19.Nd2 Qf6 20.Nxe4 fxe4 21.Rbb1 Qe5 22.Rbd1 Bf7
23.Rd4 Rfe8 24.g3 c5 25.bxc5 dxc5 26.Rd7 Re7 27.Rxe7 Qxe7 28.Rb1 h5 29.Bf1 h4
30.Bg2 Re8 31.Rb6 Qd8 32.Rb3 b5 33.Rxb5 Qd3 34.Qc1 hxg3 35.hxg3 Qxc4 36.Qxc4 Bxc4
37.Rxc5 Bd3 38.g4 Kf7 39.Kh2 Ke6 40.Kg3 Rg8 41.Rc6+ Kd5 42.Rf6 g5 43.Rf5+ Ke6
44.Rc5 Kd6 45.Ra5 Ke6 46.Ra4 Ke5 47.Ra5+ Kf6 48.Rc5 Rg7 49.Bh1 Rh7 50.Rf5+ Ke6
51.Bxe4 Bxe4 52.Rxg5 Rf7 53.f4 Kf6 54.Re5 Bg6 55.g5+ Kg7 56.Kg4 Ra7 57.f5 Bf7
58.Kf4 Ra4+ 59.e4 Ra7 60.Rc5 Ra6 61.Rc7 Kf8 62.Rb7 Rc6 63.Rb4 Ra6 64.Rb7 Rc6
65.Ke5 Rc5+ 66.Kf4 Rc6 67.Ra7 Rb6 68.Ra1 Rc6 69.Rg1 Rc4 70.g6 Bd5 71.Re1 Kg7
72.Ke5 Ba8 73.Re3 Ra4 74.Re2 Rb4 75.Kf4 Ra4 76.Kg5 Bxe4 77.f6+ Kf8 78.g7+ Kg8
79.Rd2 Ra5+ 80.Kh6 Bd5 81.Rc2 Ra8 82.Kg5 Bf7 83.Rh2 Ra5+ 84.Kg4 Ra4+ 85.Kf3 Ra3+
86.Kf4 Ra4+ 87.Ke3 Ra3+ 88.Kd4 Ra4+ 89.Kc3  1-0

[Event "Wch U14"]
[Site "Menorca"]
[Date "1996.??.??"]
[Round "8"]
[White "Vallejo Pons, Francisco"]
[Black "Bokros, Albert"]
[Result "1-0"]
[WhiteElo "2420"]
[BlackElo "2220"]

1.e4 c5 2.Nf3 e6 3.d4 cxd4 4.Nxd4 Nf6 5.Bd3 Nc6 6.Nxc6 dxc6 7.O-O e5 8.Nd2 Bc5
9.Nc4 Qc7 10.Bg5 Be7 11.Qe1 Be6 12.a3 Rd8 13.Qa5 Qxa5 14.Nxa5 Rd7 15.Be3 O-O
16.b4 c5 17.Bxc5 Bxc5 18.bxc5 Rc8 19.Rfb1 Rxc5 20.Nxb7 Rc8 21.Na5 g6 22.Rb5 Rd4
23.Rxe5 Nd7 24.Rb5 Nc5 25.Rb4 Rd6 26.Nb7 Nxb7 27.Rxb7 Bc4 28.e5 Rd5 29.Rxa7 Bxd3
30.cxd3 Rxd3 31.g3 Rc2 32.e6 fxe6 33.Rb1 Rd8 34.Rbb7 h5 35.Rg7+ Kh8 36.Rxg6 Rf8
37.Rh6+ Kg8 38.Rg6+ Kh8 39.Rxe6 Rcxf2 40.Ree7  1-0

[Event "Wch U14"]
[Site "Menorca"]
[Date "1996.??.??"]
[Round "9"]
[White "Aronian, Levon"]
[Black "Vallejo Pons, Francisco"]
[Result "1/2-1/2"]
[WhiteElo "2390"]
[BlackElo "2420"]

1.d4 e6 2.Nc3 d5 3.e4 Nf6 4.Bg5 Bb4 5.e5 h6 6.Bd2 Bxc3 7.bxc3 Ne4 8.Qg4 Kf8
9.h4 c5 10.Bd3 Nxd2 11.Kxd2 Nc6 12.Rh3 c4 13.Bf1 b5 14.a3 a5 15.Ne2 Rg8 16.Nf4 Ra7
17.Rf3 Qd7 18.Rb1 Rb7 19.Be2 Ne7 20.Qh5 Ke8 21.Qg4 Nf5 22.Nh5 Kf8 23.Ra1 Qe7
24.Rh3 Rb8 25.Ng3 g6 26.Qf4 Kg7 27.Nf1 Kh7 28.g4 Nxh4 29.Ng3 g5 30.Qe3 Ng2
31.Qf3 Nf4 32.Rh2 b4 33.Nh5 Nxh5 34.Rxh5 bxa3 35.Qe3 Rg6 36.f4 gxf4 37.Qxf4 Bd7
38.Rxa3 a4 39.Ra1 Kg7 40.g5 Rh8 41.Rah1 Rg8 42.Rxh6 Rxg5 43.Rf6 Kf8  1/2-1/2

[Event "Wch U14"]
[Site "Menorca"]
[Date "1996.??.??"]
[Round "11"]
[White "Siegel, Noah J"]
[Black "Vallejo Pons, Francisco"]
[Result "0-1"]
[WhiteElo "2240"]
[BlackElo "2420"]

1.d4 f5 2.Nc3 d5 3.Bg5 Nf6 4.Bxf6 exf6 5.e3 Be6 6.Bd3 Qd7 7.Nge2 Nc6 8.Nf4 Bf7
9.h3 h5 10.Be2 g6 11.Bf3 Bb4 12.Qd2 Ne7 13.a3 Ba5 14.O-O-O c6 15.Kb1 Bc7
16.h4 Nc8 17.Be2 Nd6 18.f3 O-O-O 19.Bd3 Ba5 20.b4 Bc7 21.Na4 g5 22.Ne2 b6
23.Nb2 Rde8 24.Nc1 Kb7 25.Qe2 f4 26.e4 Nf5 27.hxg5 Ng3 28.Qd2 Nxh1 29.Rxh1 fxg5
30.c4 Bg6 31.Re1 h4 32.Nb3 Kb8 33.b5 dxe4 34.bxc6 Qxc6 35.d5 e3 36.Qe2 Qf6
37.c5 Bxd3+ 38.Qxd3 Rh6 39.d6 Bxd6 40.cxd6 Qxd6 41.Qa6 Qg6+ 42.Ka2 h3 43.gxh3 Qc6
44.Rc1 Qxf3 45.Qb5 Rd8 46.Nc5 Qd5+ 47.Ka1 Rc6 48.Nbd3 Ka8 49.Nb4 Qd4+  0-1

[Event "Mondariz op"]
[Site "Mondariz"]
[Date "1996.??.??"]
[Round "?"]
[White "Vallejo Pons, Francisco"]
[Black "Bernal Moro, Luis Javier"]
[Result "1/2-1/2"]
[WhiteElo "2420"]
[BlackElo "2455"]

1.e4 Nc6 2.Nf3 Nf6 3.Nc3 d5 4.exd5 Nxd5 5.d4 Bg4 6.Be2 Nxc3 7.bxc3 e6 8.Rb1 Rb8
9.h3 Bh5 10.O-O Bd6 11.Bg5 Be7 12.Be3 O-O  1/2-1/2

[Event "Mondariz op"]
[Site "Mondariz"]
[Date "1996.??.??"]
[Round "?"]
[White "Campos, Jose Felix"]
[Black "Vallejo Pons, Francisco"]
[Result "1-0"]
[WhiteElo "2485"]
[BlackElo "2420"]

1.d4 f5 2.g3 Nf6 3.Bg2 g6 4.Nf3 Bg7 5.O-O O-O 6.c4 d6 7.Nc3 c6 8.d5 e5 9.dxe6 Bxe6
10.b3 Ng4 11.Nd4 Bc8 12.Rb1 a5 13.e4 fxe4 14.Nxe4 Na6 15.Bf4 Ne5 16.Nc2 Bf5
17.Nd4 Bg4 18.f3 Bc8 19.Qe2 Nc5 20.Nxc5 dxc5 21.Bxe5 cxd4 22.Bxg7 Kxg7 23.Rfe1 Bf5
24.Rbd1 Re8 25.Qxe8 Qxe8 26.Rxe8 Rxe8 27.g4 Bc8 28.Rxd4 Re2 29.Rd8 Be6 30.Rb8 b5
31.Rb7+ Kg8 32.cxb5 cxb5 33.Rxb5 Rxa2 34.Bf1 a4 35.bxa4 Rxa4 36.Kf2 Ra1 37.Bd3 Ra7
38.Be4 Rf7 39.Re5 Ba2 40.h4 Kg7 41.Kg3 Ra7 42.Rc5 Bf7 43.Kf4 Re7 44.Rc8 Be6
45.Rd8 Rd7 46.Rb8 Re7 47.Ke3 Rd7 48.Bc6 Rc7 49.Rb6 Bf7 50.Kd4 Re7 51.Rb8 h6
52.Kc5 Re5+ 53.Kd6 Re6+ 54.Kd7 Kf6 55.Rf8 Re3 56.Bd5 Rd3 57.Kc6  1-0

[Event "Mondariz op"]
[Site "Mondariz"]
[Date "1996.??.??"]
[Round "?"]
[White "Klip, Hans"]
[Black "Vallejo Pons, Francisco"]
[Result "1-0"]
[WhiteElo "2295"]
[BlackElo "2420"]

1.e4 e6 2.d4 d5 3.Nc3 Bb4 4.e5 b6 5.Qg4 Bf8 6.Bb5+ c6 7.Ba4 a5 8.a3 Bd7 9.Nce2 c5
10.Bb3 c4 11.Ba2 b5 12.Bb1 Na6 13.Nh3 b4 14.O-O bxa3 15.Rxa3 f5 16.Qg3 Nc7
17.Rf3 a4 18.c3 g6 19.Nhf4 g5 20.Nh5 h6 21.h4 Be7 22.hxg5 hxg5 23.Qh2 Nh6
24.Rh3 Kf7 25.Nf6 Bxf6 26.exf6 Kg6 27.Qg3 Nf7 28.Rxh8 Qxh8 29.Qxc7  1-0

[Event "ESP-chT"]
[Site "Oropesa del Mar"]
[Date "1996.??.??"]
[Round "4"]
[White "Garcia Padron, Jose"]
[Black "Vallejo Pons, Francisco"]
[Result "1-0"]
[WhiteElo "2440"]
[BlackElo "2420"]

1.d4 f5 2.Bg5 g6 3.e3 c6 4.Nd2 Nh6 5.h4 Nf7 6.Bf4 d6 7.Bc4 d5 8.Bb3 Bg7 9.Qf3 Nd7
10.Qg3 e5 11.dxe5 Ndxe5 12.Nh3 a5 13.a4 Ng4 14.c3 Bf6 15.Ng1 h6 16.Ngf3 g5
17.hxg5 hxg5 18.Rxh8+ Bxh8 19.Nxg5 Nxg5 20.f3 Qe7 21.fxg4 fxg4 22.Bc2 Be6
23.Bd6 Qd7 24.Bc7 Nf7 25.O-O-O Qe7 26.Rf1 Rc8 27.Bf4 b5 28.Bg6 b4 29.Be5 Bxe5
30.Qxe5 Kd7 31.Bxf7 Bxf7 32.Qd4 c5 33.Qxg4+ Be6 34.Qf4 Qg7 35.c4 Kc6 36.cxd5+ Bxd5
37.Nc4 Rd8 38.Nxa5+ Kb6 39.Nc4+ Kb7 40.Rd1 Qe7 41.Na5+ Ka6 42.Rxd5  1-0

[Event "ESP-chT"]
[Site "Oropesa del Mar"]
[Date "1996.??.??"]
[Round "6"]
[White "Mellado Trivino, Juan"]
[Black "Vallejo Pons, Francisco"]
[Result "1-0"]
[WhiteElo "2455"]
[BlackElo "2420"]

1.c4 f5 2.e4 fxe4 3.Nc3 Nf6 4.g4 h6 5.Bg2 e5 6.h4 Be7 7.g5 hxg5 8.hxg5 Rxh1
9.Bxh1 Ng8 10.Qh5+ Kf8 11.Bxe4 c6 12.Qf3+  1-0

[Event "ESP-chT"]
[Site "Oropesa del Mar"]
[Date "1996.??.??"]
[Round "9"]
[White "Vallejo Pons, Francisco"]
[Black "Ramo Frontinan, Cristobal"]
[Result "1-0"]
[WhiteElo "2420"]
[BlackElo "2390"]

1.e4 e5 2.Nf3 Nf6 3.Nxe5 d6 4.Nf3 Nxe4 5.c4 Be7 6.d4 O-O 7.Bd3 Nf6 8.O-O Bg4
9.Nbd2 Nc6 10.Qb3 Rb8 11.Qc3 Nd7 12.Be4 f5 13.Bb1 Kh8 14.b4 a6 15.Bb2 Na7
16.h3 Bh5 17.d5 Bf6 18.Qb3 c5 19.a4 b6 20.b5 a5 21.Re1 Nc8 22.Bc2 Rb7 23.Re6 Bxb2
24.Qxb2 Bf7 25.Re2 Bg6 26.Rae1 h6 27.Re6 Rf6 28.Rxf6 Nxf6 29.Nh4 Bh7 30.Bxf5 Re7
31.Be6 Re8 32.g3 Nd7 33.f4 Nf8 34.f5 Nd7 35.Nhf3 Nf6 36.Ne4 Nh5 37.Rf1 Ne7
38.g4 Nf4 39.Nfd2 Nd3 40.Qc3 Ne5 41.Nf3 Nxf3+ 42.Rxf3 Ng8 43.Rf4 Nf6 44.Nxf6 Qxf6
45.Qxf6 gxf6 46.h4 Kg7 47.Kf2 Re7 48.Rf3 Kf8 49.Rh3 Rg7 50.g5 Ke7 51.g6 Bg8
52.Re3  1-0

[Event "Zaragoza op"]
[Site "Zaragoza"]
[Date "1996.??.??"]
[Round "3"]
[White "Vallejo Pons, Francisco"]
[Black "Spraggett, Kevin"]
[Result "1/2-1/2"]
[WhiteElo "2355"]
[BlackElo "2545"]

1.e4 c5 2.Nc3 Nc6 3.Nge2 e6 4.g3 Nf6 5.Bg2 d6 6.d4 cxd4 7.Nxd4 Bd7 8.O-O a6
9.Nce2 Be7 10.c4 O-O 11.b3 Qc7 12.Bd2 Rac8 13.Rc1 Qb8 14.Re1 Rfd8 15.Bc3 Be8
16.Rc2 b6 17.Qa1 Bd7 18.Rd2 Ne8 19.Kh1 Qc7 20.Nxc6 Bxc6 21.Nd4 Bb7 22.Rd3 Nf6
23.f4 Bf8 24.Nc2 Nd7 25.g4 Nc5 26.Rg3 b5 27.g5 bxc4 28.bxc4 d5 29.exd5 exd5
30.Be5 Qd7 31.cxd5 Bxd5 32.Ne3 Bxg2+ 33.Rxg2 Nd3 34.Rf1 Qb7 35.Qb1 Qc6 36.Ng4 Nxe5
37.Nxe5 Qd5 38.Qb3 Qxb3 39.axb3 Rc3 40.Rg3 Rc2 41.Rg2 Rc3 42.Rg3 Rxg3 43.hxg3 f6
44.gxf6 gxf6 45.Ng4 Kf7 46.Kg2 h5 47.Nh2 a5 48.g4 Kg6 49.Kg3 Bb4 50.f5+ Kh6
51.Kh4 Rd4 52.Rc1 Bd6 53.Rc6 Kg7 54.Nf3 Rxg4+ 55.Kxh5 Rf4 56.Rxd6 Rxf3 57.Rd7+ Kf8
58.Kg6 Rxb3 59.Ra7 Rb6 60.Rxa5 Rd6 61.Ra7 Rd1 62.Rf7+ Kg8 63.Re7 Rg1+ 64.Kxf6 Rf1
65.Re8+ Kh7 66.Ra8 Rf2 67.Ke6 Kg7 68.Ra7+ Kf8 69.Kf6 Kg8 70.Rg7+ Kf8  1/2-1/2

[Event "Zaragoza op"]
[Site "Zaragoza"]
[Date "1996.??.??"]
[Round "4"]
[White "Wahls, Matthias"]
[Black "Vallejo Pons, Francisco"]
[Result "1-0"]
[WhiteElo "2555"]
[BlackElo "2355"]

1.e4 c5 2.Nf3 Nc6 3.d4 cxd4 4.Nxd4 Nf6 5.Nc3 e5 6.Ndb5 d6 7.Bg5 a6 8.Na3 b5
9.Nd5 Qa5+ 10.Bd2 Qd8 11.Bg5 Qa5+ 12.Bd2 Qd8 13.Bd3 Nxd5 14.exd5 Nd4 15.O-O Rb8
16.c3 Nf5 17.c4 Bd7 18.Qe1 Qb6 19.Ba5 Qd4 20.Qd2 Be7 21.Rfe1 Qg4 22.Re4 Qh5
23.c5 O-O 24.c6 Bc8 25.Be2 Qg6 26.Rg4 Qf6 27.Nc2 h5 28.Rb4 Qg6 29.Qd3 Qh6
30.g3 Bg5 31.Rd1 Ne7 32.h4 Bf5 33.Qc3 Qg6 34.Ne3 Bf6 35.Nxf5 Nxf5 36.Qf3 Nd4
37.Qxh5 Qxh5 38.Bxh5 Bd8 39.c7  1-0

[Event "Zaragoza op"]
[Site "Zaragoza"]
[Date "1996.??.??"]
[Round "6"]
[White "Vallejo Pons, Francisco"]
[Black "Foisor, Ovidiu"]
[Result "0-1"]
[WhiteElo "2355"]
[BlackElo "2475"]

1.e4 c5 2.Nc3 Nc6 3.Nge2 e5 4.Nd5 g6 5.Nec3 a6 6.d3 Bg7 7.g3 d6 8.Bg2 h6
9.O-O Nge7 10.f4 exf4 11.gxf4 f5 12.Nxe7 Nxe7 13.exf5 Nxf5 14.Re1+ Kf8 15.Ne4 Bd4+
16.Kh1 Nh4 17.c3 Nxg2 18.Kxg2 Bg7 19.Qb3 Qh4 20.Nf2 Bf6 21.Qd5 Kg7 22.Bd2 Rd8
23.Ne4 Rb8 24.Re3 Bd7 25.Be1 Qg4+ 26.Rg3 Qf5 27.Qxd6 Bc6 28.Qc7+ Kh8 29.Re3 Rbc8
30.Qf7 Rxd3 31.Kg1 Bxe4 32.Rxe4 Bd4+ 33.Rxd4 Qxf7 34.Rxd3 Re8 35.Bf2 Qxf4
36.Rf1 Qg4+ 37.Rg3 Qh5 38.Be3 b6 39.Re1 Kh7 40.Rf1 g5 41.Rf6 Qe2 42.Rf2 Qd1+
43.Rf1 Qd5 44.Rf6 Re4 45.Rxb6 Qd1+ 46.Kf2 Qc2+ 47.Kg1 Qe2 48.Bf2 Rf4  0-1

[Event "Zaragoza op"]
[Site "Zaragoza"]
[Date "1996.??.??"]
[Round "9"]
[White "Vallejo Pons, Francisco"]
[Black "Ivanov, Mikhail M"]
[Result "1-0"]
[WhiteElo "2355"]
[BlackElo "2375"]

1.e4 c5 2.Nc3 d6 3.Nge2 a6 4.g3 b5 5.Bg2 Bb7 6.O-O Nd7 7.a3 e6 8.d3 Ngf6
9.h3 Qc7 10.Be3 Be7 11.Rc1 O-O 12.g4 Rfd8 13.g5 Ne8 14.Nf4 Nb6 15.Qg4 Kh8
16.Rfe1 b4 17.axb4 cxb4 18.Nb1 a5 19.c3 b3 20.h4 Na4 21.Re2 Nc5 22.d4 Nxe4
23.f3 e5 24.fxe4 exf4 25.Bxf4 a4 26.d5 Qd7 27.Qg3 Bc8 28.Rd2 Qg4 29.Rf1 Qxg3
30.Bxg3 f6 31.Bf4 Kg8 32.Na3 Nc7 33.Rd4 Bd7 34.Ra1 Rdb8 35.Bf1 Na6 36.Bxa6 Rxa6
37.Rdd1 Rc8 38.Kg2 Kf7 39.Kg3 Bd8 40.gxf6 Bxf6 41.Rf1 Kg8 42.Rae1 Be7 43.Bg5 Bf8
44.Kf3 h6 45.Be3 Be7 46.Kg3 Raa8 47.Bd4 Rf8 48.c4 Bf6 49.Bxf6 gxf6 50.Kf4 Kf7
51.Ke3 Rg8 52.Rf4 Ke7 53.Ref1 Raf8 54.Kd4 Rg2 55.Kc3 Rg3+ 56.Kb4 Rg2 57.R1f2 Rxf2
58.Rxf2 Rg8 59.Nb5 Rg4 60.Kxa4 Rxe4 61.Kxb3 h5 62.Rg2 Bg4 63.Kb4 f5 64.Nc3 Re1
65.Rf2 Rh1 66.Ka5 Rxh4 67.b4 Rh3 68.Nb5 Rd3 69.Kb6 h4 70.Kc6 h3 71.Nxd6 Kf6
72.b5 Bf3 73.b6 Bg2 74.b7 Rb3 75.Nb5 h2 76.b8=Q  1-0

[Event "Elgoibar"]
[Site "Elgoibar"]
[Date "1997.11.27"]
[Round "2"]
[White "Izeta Txabarri, Felix"]
[Black "Vallejo Pons, Francisco"]
[Result "0-1"]
[WhiteElo "2525"]
[BlackElo "2415"]

1.d4 f5 2.g3 Nf6 3.Bg2 g6 4.b3 Bg7 5.Nf3 O-O 6.O-O d6 7.Bb2 Ng4 8.Nbd2 f4
9.Qc1 fxg3 10.hxg3 Qe8 11.d5 h6 12.Bxg7 Kxg7 13.c4 g5 14.Qc3+ Kg8 15.Nh2 Nxh2
16.Kxh2 Qh5+ 17.Kg1 Nd7 18.Nf3 Nf6 19.Nh2 Bh3 20.Rae1 Bxg2 21.Kxg2 g4 22.e4 Qh3+
23.Kg1 Nh7 24.f4 gxf3 25.Rxf3 Ng5 26.Rf5 Rf6 27.Rxf6 exf6 28.Re3 Kf7 29.Qa5 b6
30.Qe1 Qh5 31.b4 Rg8 32.c5 Re8 33.cxd6 cxd6 34.Kg2 Qh3+ 35.Kg1 Qh5 36.Kg2 Nxe4
37.Qe2 Qxd5 38.Kg1 Re6 39.Nf3 f5 40.Nh4 Ke7 41.Ng2 Nxg3 42.Rxe6+ Qxe6 43.Qa6 Qd7
44.Nf4 Qc6 45.Kh2 Qf3 46.Qxa7+ Kf6 47.Nd5+ Qxd5 48.Kxg3 Qd3+ 49.Kf2 Qd2+
50.Kf1 Qxb4 51.Qa8 Qf4+ 52.Kg1 Qe3+ 53.Kf1 f4 54.Qf8+ Ke5 55.Qg7+ Kd5 56.Qf7+ Kd4
57.Qg7+ Qe5 58.Qxh6 Ke3 59.a4 Qd5 60.Qh3+ Qf3+  0-1

[Event "Elgoibar"]
[Site "Elgoibar"]
[Date "1997.11.30"]
[Round "4"]
[White "Sion Castro, Marcelino"]
[Black "Vallejo Pons, Francisco"]
[Result "1/2-1/2"]
[WhiteElo "2435"]
[BlackElo "2415"]

1.e4 e6 2.d4 d5 3.Nc3 Bb4 4.e5 c5 5.a3 Bxc3+ 6.bxc3 Nc6 7.Nf3 Qa5 8.Qd2 Nge7
9.a4 b6 10.Bb5 Ba6 11.Rb1 Bxb5 12.axb5 Nb8  1/2-1/2

[Event "Elgoibar"]
[Site "Elgoibar"]
[Date "1997.12.01"]
[Round "6"]
[White "Matamoros Franco, Carlos S"]
[Black "Vallejo Pons, Francisco"]
[Result "1/2-1/2"]
[WhiteElo "2470"]
[BlackElo "2415"]

1.d4 f5 2.Nc3 d5 3.Bg5 c6 4.Qd2 h6 5.Bf4 Nf6 6.f3 e6 7.e3 a6 8.Bd3 c5 9.dxc5 Bxc5
10.g4 O-O 11.O-O-O fxg4 12.h3 gxf3 13.Nxf3 Nh5 14.Ne5 Nxf4 15.exf4 Nc6 16.Ng6 Rf6
17.Qg2 Ne7 18.Ne5 Rxf4 19.Rhg1 Bxg1 20.Rxg1 Qf8 21.Ng6 Nxg6 22.Qxg6 Rf6 23.Qh7+ Kf7
24.Be2 Ke7 25.Rxg7+ Rf7 26.Rxf7+ Qxf7 27.Qxh6 Bd7 28.Qh4+ Kd6 29.Qd4 Rf8
30.Ne4+ Kc7 31.Qe5+ Kd8 32.Qb8+ Bc8 33.Qd6+ Ke8 34.Qc5 Qf4+ 35.Kd1 Qxe4 36.Bh5+ Kd7
37.Qxf8 Qh1+ 38.Kd2 Qh2+ 39.Kd1 Qh1+ 40.Kd2 Qg2+ 41.Kd1 Qxh3 42.Be8+ Kc7
43.Qe7+ Kb8 44.Qd6+ Ka8 45.Qc7 Qg4+ 46.Kd2 Qd4+ 47.Ke2 Qe4+ 48.Kd2 Qd4+  1/2-1/2

[Event "Elgoibar"]
[Site "Elgoibar"]
[Date "1997.12.04"]
[Round "9"]
[White "Vallejo Pons, Francisco"]
[Black "Franco Ocampo, Zenon"]
[Result "1/2-1/2"]
[WhiteElo "2415"]
[BlackElo "2480"]

1.e4 c6 2.d4 d5 3.Nc3 dxe4 4.Nxe4 Nd7 5.Qe2 e6 6.Nf3 Ngf6 7.Bf4 Nxe4 8.Qxe4 Nf6
9.Qd3 Be7 10.O-O-O O-O 11.Ne5 c5 12.Be2 cxd4 13.g4  1/2-1/2

[Event "Elgoibar"]
[Site "Elgoibar"]
[Date "1997.12.31"]
[Round "5"]
[White "Vallejo Pons, Francisco"]
[Black "Gomez Esteban, Juan Mario"]
[Result "1-0"]
[WhiteElo "2415"]
[BlackElo "2490"]

1.e4 e5 2.Nf3 Nc6 3.Nc3 Nf6 4.g3 Bc5 5.Bg2 d6 6.O-O a6 7.d3 Nd4 8.Nxd4 Bxd4
9.h3 Be6 10.Ne2 Bb6 11.c4 Qd7 12.Kh2 h5 13.f3 c6 14.b3 h4 15.g4 Qc7 16.Qe1 O-O-O
17.f4 Kb8 18.Kh1 Bc8 19.b4 Qe7 20.a4 Nd7 21.Qc3 f6 22.b5 a5 23.bxc6 bxc6
24.Rb1 Kc7 25.d4 Bb7 26.Be3 Ra8 27.Rfd1 exd4 28.Nxd4 g6 29.Qb3 Rhb8 30.c5 dxc5
31.Ne6+ Kc8 32.Rxd7 Qxd7 33.Rd1 c4 34.Qxb6 Qxd1+ 35.Kh2 Qd7 36.f5 g5 37.Qc5 c3
38.Qf8+  1-0

[Event "Capablanca 32th Premier-B"]
[Site "Cienfuegos"]
[Date "1997.??.??"]
[Round "8"]
[White "Teske, Henrik"]
[Black "Vallejo Pons, Francisco"]
[Result "1-0"]
[WhiteElo "2500"]
[BlackElo "2385"]

1.d4 f5 2.c4 Nf6 3.Nf3 g6 4.g3 Bg7 5.Bg2 O-O 6.b3 d6 7.Bb2 a5 8.O-O c6 9.Nc3 Na6
10.d5 e5 11.dxe6 Nc5 12.Nd4 Qe7 13.Qc2 Nxe6 14.Rad1 Nc5 15.e3 h5 16.h4 Ng4
17.Nf3 Be6 18.Ne2 Ne5 19.Ng5 Rfd8 20.Nf4 Bf7 21.e4 fxe4 22.Nxe4 Nxe4 23.Bxe4 g5
24.hxg5 Qxg5 25.Ng2 Bg6 26.Nh4 Bxe4 27.Qxe4 d5 28.cxd5 cxd5 29.Qg2 Nc6 30.Bc1 Qg4
31.Rxd5 Rxd5 32.Qxd5+ Kh8 33.Qf7 Ne5 34.Qxb7 Rf8 35.Bb2 Nf3+ 36.Nxf3 Bxb2
37.Kg2 a4 38.bxa4 h4 39.Qxb2+ Kg8 40.Nxh4  1-0

[Event "Capablanca 32th Premier-B"]
[Site "Cienfuegos"]
[Date "1997.??.??"]
[Round "9"]
[White "Vallejo Pons, Francisco"]
[Black "Bellon Lopez, Juan Manuel"]
[Result "1-0"]
[WhiteElo "2385"]
[BlackElo "2465"]

1.e4 c5 2.Nf3 a6 3.c3 d6 4.d4 Nd7 5.Bd3 g6 6.O-O Bg7 7.Nbd2 Qc7 8.a4 e5 9.dxe5 Nxe5
10.Nxe5 dxe5 11.Nc4 Be6 12.f4 Rd8 13.Qe2 Rd7 14.a5 Bxc4 15.Bxc4 exf4 16.Bxf4 Be5
17.Bxe5 Qxe5 18.Rad1 Nf6 19.Rxd7 Kxd7 20.Bxf7 Kc7 21.Qf3 Nd7 22.Bd5 Rf8 23.Qg3 Qxg3
24.hxg3 Rxf1+ 25.Kxf1 Ne5 26.Ke2 b6 27.b4 bxa5 28.bxc5 Nd7 29.c6 Ne5 30.Kd2 Ng4
31.c4 g5 32.Kc3 a4 33.Kb4 Kb6 34.Kxa4 h5 35.Kb4 a5+ 36.Ka4 Ne5 37.c5+ Kc7
38.Kxa5 Ng4 39.Kb5 Ne3 40.Bf7 Nxg2 41.Bxh5 Ne3 42.Be2 Nc2 43.Kc4 Kxc6 44.Kc3  1-0

[Event "Capablanca 32th Premier-B"]
[Site "Cienfuegos"]
[Date "1997.??.??"]
[Round "12"]
[White "Hernandez, Roman"]
[Black "Vallejo Pons, Francisco"]
[Result "1-0"]
[WhiteElo "2430"]
[BlackElo "2385"]

1.Nf3 f5 2.g3 Nf6 3.Bg2 g6 4.O-O Bg7 5.d4 d6 6.c4 O-O 7.Nc3 Nc6 8.d5 Na5
9.b3 Ne4 10.Nxe4 Bxa1 11.Neg5 c5 12.dxc6 Nxc6 13.b4 Bf6 14.b5 Ne5 15.Nd4 Bxg5
16.Bxg5 Qe8 17.Qb3 Nf7 18.Bc1 e6 19.Bb2 a6 20.a4 e5 21.Nc2 axb5 22.axb5 Rb8
23.Ne3 Be6 24.Nd5 Qd8 25.f4 Re8 26.e3 Rc8 27.Qd3 Rc5 28.Ra1 h5 29.Ra7 Bxd5
30.Bxd5 Re7 31.fxe5 Qe8 32.exd6 Rxe3 33.d7 Re1+ 34.Kf2 Rxd5 35.dxe8=Q+  1-0

[Event "Capablanca 32th Premier-B"]
[Site "Cienfuegos"]
[Date "1997.??.??"]
[Round "13"]
[White "Vallejo Pons, Francisco"]
[Black "Perez, Rodney"]
[Result "1-0"]
[WhiteElo "2385"]
[BlackElo "2235"]

1.e4 e6 2.d3 d5 3.Nd2 Nf6 4.Ngf3 c5 5.g3 g6 6.Bg2 Bg7 7.O-O O-O 8.c3 Nc6
9.Re1 b6 10.a3 a5 11.Qa4 Qd7 12.Qc2 dxe4 13.dxe4 Ba6 14.a4 Bd3 15.Qb3 Rab8
16.h3 e5 17.Nh2 Bh6 18.Nhf1 b5 19.axb5 Rxb5 20.Qa4 Rfb8 21.Ne3 Qd8 22.Ra3 Ne7
23.Qd1 R5b7 24.Qf3 Kg7 25.c4 Rd7 26.Nd5 Nexd5 27.cxd5 c4 28.b3 Bxd2 29.Bxd2 Bxe4
30.Rxe4 Nxe4 31.Qxe4 cxb3 32.Qxe5+ f6 33.Qb2 Qb6 34.Bxa5 Qc5 35.Bc3 Rd6  1-0

[Event "Mondariz op"]
[Site "Mondariz"]
[Date "1997.??.??"]
[Round "?"]
[White "Diaz Nunez, Adolfo"]
[Black "Vallejo Pons, Francisco"]
[Result "0-1"]
[WhiteElo "2145"]
[BlackElo "2415"]

1.Nf3 g6 2.g3 Bg7 3.d4 f5 4.Bg2 Nf6 5.O-O O-O 6.b3 d6 7.Bb2 a5 8.a3 c6 9.c4 e5
10.dxe5 Ng4 11.Qc2 Nxe5 12.Nbd2 Na6 13.Rad1 Qe7 14.Bc3 Nc7 15.Qb2 Re8 16.Rfe1 Bd7
17.Nxe5 dxe5 18.e4 f4 19.gxf4 Ne6 20.Bxe5 Nxf4 21.Nf3 Bxe5 22.Rxd7 Bxb2 23.Rxe7 Rxe7
24.a4 Rd8 25.h4 Rd3  0-1

[Event "Mondariz op"]
[Site "Mondariz"]
[Date "1997.??.??"]
[Round "?"]
[White "Vallejo Pons, Francisco"]
[Black "Pogorelov, Ruslan"]
[Result "0-1"]
[WhiteElo "2415"]
[BlackElo "2440"]

1.e4 c5 2.Nc3 Nc6 3.Nge2 d6 4.d4 cxd4 5.Nxd4 e6 6.g3 Nf6 7.Bg2 Bd7 8.O-O a6
9.Nce2 Rc8 10.a4 Be7 11.b3 Nxd4 12.Nxd4 b5 13.axb5 axb5 14.Ra6 O-O 15.Ba3 e5
16.Nf5 Bxf5 17.exf5 Qd7 18.Qd3 Rfd8 19.Rd1 d5 20.Bxe7 Qxe7 21.Qxb5 Rxc2 22.Bxd5 h5
23.Qa5 Rd7 24.b4 e4 25.Qa4 Rb2 26.Rxf6 Rxd5 27.Rxd5 e3 28.Re6 fxe6 29.Qa8+ Kh7
30.Rd8 Qxd8 31.Qxd8 e2 32.Qd4 e1=Q+ 33.Kg2 Rxb4 34.Qd3 Qe4+  0-1

[Event "Mondariz op"]
[Site "Mondariz"]
[Date "1997.??.??"]
[Round "?"]
[White "Vallejo Pons, Francisco"]
[Black "Martinez Garcia, Jose"]
[Result "1/2-1/2"]
[WhiteElo "2415"]
[BlackElo "2185"]

1.e4 d5 2.exd5 Nf6 3.d4 Bg4 4.Be2 Bxe2 5.Qxe2 Qxd5 6.Nf3 e6 7.c4 Bb4+ 8.Nbd2 Qh5
9.O-O O-O 10.Ne4 Nxe4 11.Qxe4 c6 12.Qd3 Bd6 13.b4 Nd7 14.b5 cxb5 15.c5 Be7
16.Qxb5 Qd5 17.Qb3 Nf6 18.Bg5 Rfd8 19.Rfb1 b6 20.cxb6 axb6 21.Qxd5 Rxd5 22.Bxf6 Bxf6
23.Rxb6 Rxd4 24.Nxd4  1/2-1/2

[Event "Mondariz op"]
[Site "Mondariz"]
[Date "1997.??.??"]
[Round "?"]
[White "Vallejo Pons, Francisco"]
[Black "Lanka, Zigurds"]
[Result "1/2-1/2"]
[WhiteElo "2415"]
[BlackElo "2565"]

1.e4 c5 2.Nc3 Nc6 3.Nge2 d6 4.d4 cxd4 5.Nxd4 Nf6 6.g3 e6 7.Bg2 Bd7 8.O-O Be7
9.Ndb5 Qb8 10.Bg5 a6 11.Bxf6 gxf6 12.Nd4 Nxd4 13.Qxd4 Qa7 14.Qd2 h5 15.h4 O-O-O
16.Ne2 Kb8 17.c4 Rhg8 18.Kh2 Qc5 19.Rac1 a5 20.Nd4 a4 21.b4 Qb6 22.a3 Bf8
23.Qe3 e5 24.Nf5 Qxe3 25.Nxe3 Bh6 26.Rcd1 Bxe3 27.fxe3 Bg4 28.Rd2 Rc8  1/2-1/2

[Event "ESP-chT"]
[Site "Ponferrada"]
[Date "1997.??.??"]
[Round "1"]
[White "Vallejo Pons, Francisco"]
[Black "Rojo Huerta, Gabriel"]
[Result "1/2-1/2"]
[WhiteElo "2415"]
[BlackElo "2355"]

1.e4 c5 2.Nf3 d6 3.d4 cxd4 4.Nxd4 Nf6 5.f3 e5 6.Nb3 Be7 7.c4 O-O 8.Nc3 Be6
9.Be3 Ne8 10.Bd3 Nc6 11.O-O Rc8 12.a3 Bg5 13.Bf2 Nd4 14.Nd5 Bxd5 15.exd5 Qb6
16.Nxd4 exd4 17.f4 Bf6 18.b4 a5 19.Qb1 g6 20.bxa5 Qxa5 21.Qxb7 Ng7 22.Qb4 Qc7
23.Qd2 Qd7 24.a4 Nf5 25.Bxf5 Qxf5 26.Rac1 Qd7 27.Bxd4 Bxd4+ 28.Qxd4 Qxa4
29.f5 Rfe8 30.Qf4 Qa7+ 31.Kh1 Re5 32.f6 Qe3 33.Qxe3 Rxe3 34.Rfe1 Rxc4 35.Rb1 Rxe1+
36.Rxe1 h5 37.g4 Rxg4 38.Re8+ Kh7 39.Rf8 g5 40.Rxf7+ Kg6 41.Rd7 Kxf6 42.Rxd6+ Ke5
43.Rd8 Rd4 44.Rh8 h4 45.Kg2 Rxd5 46.Re8+ Kf4 47.Rf8+ Rf5 48.Rxf5+ Kxf5 49.Kf3 g4+
50.Ke3 Ke5 51.Kf2 Kf4 52.Kg2 Ke3 53.Kf1 Kf3 54.Kg1 h3  1/2-1/2

[Event "ESP-chT"]
[Site "Ponferrada"]
[Date "1997.??.??"]
[Round "2"]
[White "Rodriguez Vargas, Orestes"]
[Black "Vallejo Pons, Francisco"]
[Result "1-0"]
[WhiteElo "2425"]
[BlackElo "2415"]

1.d4 f5 2.e4 fxe4 3.Nc3 Nf6 4.Bg5 Nc6 5.Bb5 a6 6.Ba4 b5 7.Bb3 Bb7 8.f3 Na5
9.Bxf6 exf6 10.Nxe4 d5 11.Nc5 Bxc5 12.dxc5 O-O 13.Kf2 Qe7 14.Qd4 Rfe8 15.Nh3 Qe2+
16.Kg3 Nxb3 17.axb3 Qxc2 18.Rhc1 Qg6+ 19.Kf2 c6 20.Nf4 Qh6 21.Kg1 Re5 22.Nd3 Qe3+
23.Qxe3 Rxe3 24.Rd1 Kf7 25.Kf2 Rae8 26.Rd2 g5 27.Ra3 f5 28.Nb4 R8e6 29.Nc2 f4
30.Nd4 Rf6 31.Ra1 h5 32.Re1 Rxe1 33.Kxe1 Bc8 34.Re2 g4 35.Re5 h4 36.Rh5 h3
37.gxh3 gxh3 38.Rh7+ Kg6 39.Rc7 Bf5 40.b4 Kg5 41.Rxc6 Rf7 42.Rd6 Re7+ 43.Kf2 Re3
44.Rxd5 Rd3 45.Ne6+ Kf6 46.Rxd3 Bxd3 47.Nxf4 Bf5  1-0

[Event "ESP-chT"]
[Site "Ponferrada"]
[Date "1997.??.??"]
[Round "3"]
[White "Vallejo Pons, Francisco"]
[Black "Oms Pallise, Josep"]
[Result "1-0"]
[WhiteElo "2415"]
[BlackElo "2445"]

1.e4 e5 2.Nf3 Nc6 3.d4 exd4 4.Nxd4 Bc5 5.Nb3 Bb4+ 6.Bd2 a5 7.a3 Bxd2+ 8.Qxd2 Nf6
9.Nc3 O-O 10.O-O-O d6 11.f4 Re8 12.Re1 Be6 13.Kb1 Nd7 14.h4 Bxb3 15.cxb3 Nc5
16.Bc4 Na7 17.b4 axb4 18.axb4 b5 19.Bxf7+ Kxf7 20.bxc5 dxc5 21.Qd5+ Qxd5
22.Nxd5 Rac8 23.e5 Nc6 24.g4 Red8 25.e6+ Ke8 26.Nc3 Rd4 27.Rhf1 b4 28.Nb5 Rd5
29.Rc1 h5 30.gxh5 Nd4 31.Nxd4 cxd4 32.Rg1 Kf8 33.Rg5 Rd6 34.f5 b3 35.Rcg1 d3
36.Rxg7 d2 37.Rf7+  1-0